| 000 | 00538nam a2200193 i 4500 | ||
|---|---|---|---|
| 001 | 20310 | ||
| 003 | ES-MaACL | ||
| 005 | 20230906152256.0 | ||
| 007 | t| | ||
| 008 | 021111s1931 sp |||| |dspa d | ||
| 080 | _a34.096 Dreyfus, Alfred | ||
| 100 | 1 |
_aAguilar, Mario. _918704 |
|
| 245 | 1 | 3 |
_aEl proceso Dreyfus / _cMario Aguilar. |
| 250 | _a1ª ed. | ||
| 260 |
_aBarcelona : _bMentosa, _c1931 ( _fImp. Clarassó) |
||
| 300 |
_a121 p., 4 lám. ; _c22 cm. |
||
| 600 | 1 | 4 |
_aDreyfus, Alfred- _xProcesos. _945617 |
| 852 |
_aES-MaACL _jA-370 |
||
| 999 |
_c20310 _d20310 |
||